Prehľad Medzinárodných účtovných štandardov pre zostavovanie účtovnej závierky (IFRS/IAS) a ich interpretácií účinných od 1.1.2005

Salvato in:
Dettagli Bibliografici
Autore principale: Tumpach, Miloš, 1970-
Natura: Capitolo di libro
Lingua:slovacco
Tags: Aggiungi Tag
Nessun Tag, puoi essere il primo ad aggiungerne!!

MARC

LEADER 00000naa$a2200000$$$4500
001 0057944
005 20240502071642.2
041 0 |a slo 
044 |a SK 
245 1 0 |a Prehľad Medzinárodných účtovných štandardov pre zostavovanie účtovnej závierky (IFRS/IAS) a ich interpretácií účinných od 1.1.2005  |c Miloš Tumpach 
100 1 |a Tumpach, Miloš, 1970-